000 00902nam a2200253Ia 4500
003 OSt
005 20221005112450.0
006 a|||||r|||| 00| 0
007 ta
008 221004b |||||||| |||| 00| 0 pan d
020 _a9789352045860 (hbk)
_cINR 650.00
024 _a33233
037 _b796, 06/03/2017, H.K. Prakashan
_cTextual
040 _aCRL
_cCRL
_bpan
041 _2pan
_apan
082 _aV243:51, 153Q6
100 _aਵਿਰਕ, ਸੁਵਚਨ ਸਿੰਘ, ਂਚ.
245 0 _aਕੂਕਾ ਲਹਿਰ ਦੇ ਅਮਰ ਨਾਇਕ
260 _aਚੰਡੀਗੜ
_bਲੋਕਗੀਤ ਪ੍ਰਕਾFਨ ਭਾਰਤ
_c2017
300 _a704ਪ੍ਰ0
_ccm.
650 _aਇਤਿਹਾਸ
942 _hV243:51, 153Q6
_cTEXL
_2cc
999 _c1024976
_d1024976